Online Catalogue and eLibrary

Between Women: (Record no. 1625)

MARC details
000 -LEADER
fixed length control field 00668nam a2200193Ia 4500
005 - DATE AND TIME OF LATEST TRANSACTION
control field 20250120034111.0
008 - FIXED-LENGTH DATA ELEMENTS--GENERAL INFORMATION
fixed length control field 240331s9999 xx 000 0 und d
020 ## - INTERNATIONAL STANDARD BOOK NUMBER
ISBN 0415907705
082 ## - DDC Classification
Item Number - Author Mark ASC
DDC Edition Number 3800
Class No. 305.4
245 #0 - TITLE STATEMENT
Title Between Women:
Remainder of title Biographers, Novelists, Critics, Teachers and Artists Write About Their Work on Women
250 ## - EDITION STATEMENT
Edition statement 2nd Edition
260 ## - PUBLICATION, DISTRIBUTION, ETC.
Place of publication, distribution, etc. New York
-- London
Name of publisher, distributor, etc. Routledge
Date of publication, distribution, etc. 1993
300 ## - PHYSICAL DESCRIPTION
Extent (e.g. Volumes, Pages etc.) xxv, 466 p.,
500 ## - GENERAL NOTE
General note Essays by biographers, novelists, scholars and artists about the journeys they have made to their respective subjects.
700 ## - ADDED ENTRY--PERSONAL NAME
Personal name Ascher, C
Relator term (Role) Editor
700 ## - ADDED ENTRY--PERSONAL NAME
Personal name DeSalvo, L
Relator term (Role) Editor
700 ## - ADDED ENTRY--PERSONAL NAME
Personal name Ruddick, S
Relator term (Role) Editor
942 ## - Koha item type (Biblio)
Koha item type Books in Stacks (Lending)
Holdings
Lost status Damaged status Collection code Home library Current library Shelving location Date acquired Full call number Accession Number Item type
    Lending WERC Library WERC Library Social Science Cupboard 03/31/2024 305.4 BET 3800 Books in Stacks (Lending)

© WERC Library